[Event "LTU-ch sf"]
[Site "Vilnius"]
[Date "2023.04.16"]
[Round "9"]
[White "Stasiulionis, Ceslovas"]
[Black "Perazzo, Kamila"]
[Result "1-0"]
[WhiteElo "1394"]
[BlackElo "1285"]
[PlyCount "35"]
[EventDate "2023.04.11"]
[EventType "swiss"]
[EventRounds "9"]
[EventCountry "LTU"]
[SourceTitle "CBM 213 Extra"]
[Source "ChessBase"]
[SourceDate "2023.05.31"]
[SourceVersion "1"]
[SourceVersionDate "2023.05.31"]
[SourceQuality "1"]

1. d4 d5 2. c4 e6 3. Nc3 Be7 4. e3 Nf6 5. Nf3 0-0 6. Bd3 Nbd7 7. 0-0 b6 8. cxd5 Nxd5 9. e4 Nb4 10. Bb1 c5 11. a3 Na6 12. d5 Nf6 13. d6 Bxd6 14. e5 Bc7 15. exf6 Qxf6 16. Bg5 Qd8 17. Bxd8 Rxd8 18. Qe2 1-0

[Event "LTU-ch sf"]
[Site "Vilnius"]
[Date "2023.04.14"]
[Round "6"]
[White "Stasiulionis, Ceslovas"]
[Black "Vazgauskas, Povilas"]
[Result "0-1"]
[WhiteElo "1394"]
[BlackElo "1422"]
[PlyCount "114"]
[EventDate "2023.04.11"]
[EventType "swiss"]
[EventRounds "9"]
[EventCountry "LTU"]
[SourceTitle "CBM 213 Extra"]
[Source "ChessBase"]
[SourceDate "2023.05.31"]
[SourceVersion "1"]
[SourceVersionDate "2023.05.31"]
[SourceQuality "1"]

1. d4 Nf6 2. c4 c6 3. Nc3 e6 4. Bg5 Be7 5. e4 Nxe4 6. Bxe7 Nxc3 7. Bxd8 Nxd1 8. Rxd1 Kxd8 9. Nf3 d6 10. Bd3 Nd7 11. 0-0 Nf6 12. Rfe1 h6 13. b4 Bd7 14. c5 dxc5 15. dxc5 Nd5 16. a3 a5 17. Ne5 Ke7 18. Bc4 axb4 19. axb4 Nf6 20. Bb3 Ra3 21. Re3 Rd8 22. h3 Nd5 23. Rf3 Be8 24. Bxd5 Rxd5 25. Rxa3 Rxd1+ 26. Kh2 Rb1 27. Ra4 f6 28. Nc4 Bg6 29. Nd6 Bc2 30. Ra7 Rxb4 31. Nxb7 Ra4 32. Na5+ Ke8 33. Nxc6 Rxa7 34. Nxa7 Ba4 35. Nc8 Kd8 36. Nb6 Bb5 37. f4 g6 38. g4 f5 39. gxf5 gxf5 40. Kg3 Kc7 41. Kf3 Kc6 42. Ke3 Kxc5 43. Nc8 h5 44. h4 Be8 45. Ne7 Bf7 46. Nc8 Kc6 47. Kd4 Kc7 48. Na7 Be8 49. Kc5 Bd7 50. Nb5+ Bxb5 51. Kxb5 Kd6 52. Kc4 e5 53. fxe5+ Kxe5 54. Kd3 Kf4 55. Ke2 Kg3 56. Ke3 f4+ 57. Ke2 Kg2 0-1

[Event "Vilnius Steponavicius 75"]
[Site "Vilnius"]
[Date "2022.01.08"]
[Round "6.5"]
[White "Stasiulionis, Ceslovas"]
[Black "Viederis, Gediminas"]
[Result "0-1"]
[WhiteElo "1297"]
[BlackElo "1720"]
[PlyCount "100"]
[EventDate "2021.12.18"]
[EventType "tourn"]
[EventRounds "9"]
[EventCountry "LTU"]
[SourceTitle "EXT 2023"]
[Source "ChessBase"]
[SourceDate "2022.10.05"]
[SourceVersion "1"]
[SourceVersionDate "2022.10.05"]
[SourceQuality "1"]

1. d4 Nf6 2. c4 g6 3. Nc3 d5 4. e3 Bg7 5. Nf3 0-0 6. Bd3 c5 7. cxd5 Nxd5 8. Bc4 Nb6 9. Be2 cxd4 10. exd4 Nc6 11. Be3 Bg4 12. 0-0 Nd5 13. h3 Bf5 14. a3 Nxc3 15. bxc3 Qc7 16. Qd2 Na5 17. Qb2 b6 18. Rac1 Nc4 19. Bxc4 Qxc4 20. Qb4 Qc7 21. c4 Rfd8 22. Rfd1 Be4 23. Nd2 Bb7 24. Nb3 a5 25. Qd2 a4 26. Na1 e6 27. Qd3 Qc6 28. f3 Qd6 29. Nc2 Rac8 30. Nb4 Qe7 31. d5 exd5 32. Nxd5 Bxd5 33. cxd5 Qd6 34. Rxc8 Rxc8 35. Rc1 Rxc1+ 36. Bxc1 Be5 37. Qc4 Qc5+ 38. Qxc5 bxc5 39. Kf2 Kf8 40. Ke3 Ke7 41. f4 Bd4+ 42. Kd3 Kd6 43. Kc4 f5 44. g4 h6 45. g5 h5 46. Bd2 Bb2 47. Kb5 Bxa3 48. Kxa4 Bb4 49. Bc1 Kxd5 50. Kb3 Ke4 0-1

[Event "Vilnius Steponavicius 75"]
[Site "Vilnius"]
[Date "2021.12.19"]
[Round "4.5"]
[White "Korcatov, Aleksandr"]
[Black "Stasiulionis, Ceslovas"]
[Result "1/2-1/2"]
[WhiteElo "1533"]
[BlackElo "1297"]
[PlyCount "139"]
[EventDate "2021.12.18"]
[EventType "tourn"]
[EventRounds "9"]
[EventCountry "LTU"]
[SourceTitle "EXT 2023"]
[Source "ChessBase"]
[SourceDate "2022.10.05"]
[SourceVersion "1"]
[SourceVersionDate "2022.10.05"]
[SourceQuality "1"]

1. e4 e5 2. Nf3 Nc6 3. Bb5 a6 4. Ba4 Nf6 5. 0-0 b5 6. Bb3 d6 7. Ng5 Be6 8. Bxe6 fxe6 9. Nxe6 Qe7 10. Nxf8 Rxf8 11. d3 Rf7 12. c3 Kf8 13. Bg5 Qe6 14. Nd2 Kg8 15. a4 b4 16. a5 Nd7 17. Be3 Nf6 18. h3 h6 19. Qa4 Qd7 20. cxb4 Rb8 21. Rfc1 Nxb4 22. Rc3 c5 23. Qxd7 Rxd7 24. Nc4 g5 25. g4 Kg7 26. Raa3 Rdd8 27. Nb6 Kf7 28. Kg2 Ke6 29. Kg3 Rg8 30. f3 h5 31. Rc1 h4+ 32. Kg2 Nd7 33. Nc4 Rb5 34. Bd2 Nc6 35. Be3 Na7 36. Rb1 Nc6 37. Rba1 Nb4 38. Rc3 Rb7 39. Rb3 Rb5 40. Rc3 Nb8 41. Rb3 N8c6 42. Rc3 Rbb8 43. Nb6 Na7 44. Rcc1 Nxd3 45. Rc2 Nb4 46. Rd2 Nb5 47. Nd5 Nc6 48. Rc1 Rb7 49. Bxc5 dxc5 50. Rxc5 Ncd4 51. Rd3 Rbb8 52. Nb4 Ra8 53. Rd5 Rgd8 54. Rc5 Rd7 55. Nc6 Rc7 56. Rxe5+ Kf7 57. Nxd4 Nxd4 58. Rxd4 Rc2+ 59. Kf1 Rxb2 60. Red5 Rc8 61. Rd1 Rb5 62. Rd7+ Ke8 63. Rh7 Rc2 64. Rhd7 Rb8 65. Rh7 Rcc8 66. Rhd7 Rd8 67. R7d5 Rxd5 68. Rxd5 Rb3 69. Ke2 Rb2+ 70. Ke3 1/2-1/2

[Event "Vilnius City-ch"]
[Site "Vilnius"]
[Date "2021.11.18"]
[Round "3"]
[White "Stasiulionis, Ceslovas"]
[Black "Feofanov, Boris"]
[Result "0-1"]
[WhiteElo "1342"]
[BlackElo "1628"]
[PlyCount "76"]
[EventDate "2021.11.15"]
[EventType "swiss"]
[EventRounds "7"]
[EventCountry "LTU"]
[SourceTitle "CBM 205 Extra"]
[Source "ChessBase"]
[SourceDate "2022.01.31"]
[SourceVersion "1"]
[SourceVersionDate "2022.01.31"]
[SourceQuality "1"]

1. d4 Nf6 2. c4 g6 3. Nc3 Bg7 4. e4 d6 5. Nf3 0-0 6. Be2 c6 7. 0-0 Nbd7 8. Re1 Qc7 9. Qc2 a6 10. b3 e5 11. dxe5 dxe5 12. Ba3 Re8 13. Rad1 c5 14. Bb2 Nf8 15. Nd5 Nxd5 16. cxd5 Qd6 17. a4 b6 18. Nd2 f5 19. Nc4 Qd8 20. Bf3 b5 21. Ne3 f4 22. Nf1 Qb6 23. Nd2 Bd7 24. Ra1 Rab8 25. Reb1 Rec8 26. Be2 g5 27. Nf3 Qf6 28. Bxe5 Qg6 29. Bxg7 Qxg7 30. axb5 g4 31. Nd2 g3 32. hxg3 fxg3 33. fxg3 Qd4+ 34. Kh1 Rb6 35. Nf3 Rh6+ 36. Nh2 Qf2 37. Rxa6 Ng6 38. Rf1 Qxg3 0-1

[Event "Vilnius City-ch"]
[Site "Vilnius"]
[Date "2021.11.15"]
[Round "1"]
[White "Stasiulionis, Ceslovas"]
[Black "Kuznecovas, Kevinas"]
[Result "0-1"]
[WhiteElo "1342"]
[BlackElo "1875"]
[PlyCount "60"]
[EventDate "2021.11.15"]
[EventType "swiss"]
[EventRounds "7"]
[EventCountry "LTU"]
[SourceTitle "CBM 205 Extra"]
[Source "ChessBase"]
[SourceDate "2022.01.31"]
[SourceVersion "1"]
[SourceVersionDate "2022.01.31"]
[SourceQuality "1"]

1. d4 Nf6 2. c4 e5 3. dxe5 Ng4 4. Nf3 Bc5 5. e3 Nc6 6. Nc3 Ngxe5 7. a3 a5 8. Be2 0-0 9. 0-0 Nxf3+ 10. Bxf3 Ne5 11. b3 Ra6 12. Ne4 Ba7 13. Bb2 Re8 14. Bd4 Bb8 15. Ng3 Rh6 16. Nf5 Rf6 17. Bxe5 Rxe5 18. Nd4 d6 19. Bg4 Rg6 20. Bxc8 Qxc8 21. Qe2 Ba7 22. Rad1 Bxd4 23. Rxd4 Qh3 24. g3 Rh6 25. f4 Rxe3 26. Qg2 Qxg2+ 27. Kxg2 Rxb3 28. Re1 Re6 29. Rxe6 fxe6 30. a4 Rb4 0-1